Les 20 plus petits membres de la FIFA en Superficie - Statistiques

Statistiques générales
  • Ce quiz a été pris 64 fois
  • Le résultat moyen est 6 sur 20
Statistiques - réponses
Réponse % Correct
Saint-Marin
95%
Liechtenstein
79%
Gibraltar
65%
Malte
37%
Saint-Christophe-et-Niévès
37%
Saint-Vincent-et-les-Grenadines
33%
Antigua-et-Barbuda
32%
Barbade
32%
Grenade
30%
Anguilla
17%
Maldives
17%
Aruba
16%
Iles Vierges des États-Unis
16%
Montserrat
16%
Iles Vierges Britanniques
14%
Bermudes
13%
Macao
13%
Iles Cook
11%
Iles Caïmans
8%
Samoa Américaines
8%
Aucun quiz correspondant
Distribution des résultats
% des personnes avec chaque résultat
Percentile par nombre de réponses
Votre historique - résultats
Vous n’avez pas pris ce quiz